000 00320nam a2200121Ia 4500
008 150201s2002 xx 000 0 und d
082 _a616.07
_bH02P
100 _aPROVAN,DREW
245 _aOXFORD HAND BOOK OF CLINICAL LABORATORY INVESTIGATION
260 _bOXFORD
_aNEW YORK
_c2002
650 _aPATHOLOGY
942 _2ddc
_cBK
999 _c796
_d796